Подробности
| 000 -МАРКЕР |
| контрольное поле |
04291nkm0a2200601 4500 |
| 001 - ИДЕНТИФИКАТОР ЗАПИСИ |
| контрольное поле |
RU\NLR\BIBL_A\022366721 |
| 005 - ИДЕНТИФИКАТОР ВЕРСИИ |
| контрольное поле |
20250810075550.0 |
| 020 ## - НОМЕР ДОКУМЕНТА В НАЦИОНАЛЬНОЙ БИБЛИОГРАФИИ |
| Код страны |
российская федерация |
| Номер |
44-2378 (1944, № 3-4) |
| Основное заглавие издания Российской книжной палаты |
Летопись изоизданий / ВКП. - Москва, 1948. - Вып. 1944, № 3-4. - С. 71 |
| 035 ## - ДРУГИЕ СИСТЕМНЫЕ НОМЕРА |
| Идентификатор записи |
(NLR Aleph) 022366721 |
| 071 50 - ИЗДАТЕЛЬСКИЙ НОМЕР |
| Цена |
25 коп. |
| -- |
300000 |
| 100 ## - ДАННЫЕ ОБЩЕЙ ОБРАБОТКИ |
| Данные общей обработки |
20241029d1943 u y0rusy50 ca |
| 101 0# - ЯЗЫК РЕСУРСА |
| Язык текста, звукозаписи и т.д. |
русский |
| 102 ## - СТРАНА ПУБЛИКАЦИИ ИЛИ ПРОИЗВОДСТВА |
| Страна публикации |
российская федерация |
| 116 ## - ПОЛЕ КОДИРОВАННЫХ ДАННЫХ: ИЗОБРАЗИТЕЛЬНЫЕ МАТЕРИАЛЫ |
| Кодированные данные для изобразительных материалов. |
iiycxx bi ae |
| 135 ## - ПОЛЕ КОДИРОВАННЫХ ДАННЫХ: ЭЛЕКТРОННЫЕ РЕСУРСЫ |
| Кодированные данные для электронного ресурса |
crcn 024anaba |
| 181 #0 - ПОЛЕ КОДИРОВАННЫХ ДАННЫХ: ВИД СОДЕРЖАНИЯ |
| Код вида содержания (ISBD) |
b4 |
| Код характеристики содержания (ISBD) |
xb2e |
| 182 #0 - ПОЛЕ КОДИРОВАННЫХ ДАННЫХ: ТИП СРЕДСТВА |
| Код типа средства (ISBD) |
n - непосредственное |
| 200 1# - ЗАГЛАВИЕ И СВЕДЕНИЯ ОБ ОТВЕТСТВЕННОСТИ |
| Основное заглавие |
Поздравляю с Новым годом! |
| Сведения, относящиеся к заглавию |
воинское |
| -- |
[почтовая карточка] |
| 203 ## - ВИД СОДЕРЖАНИЯ И ТИП СРЕДСТВА |
| Вид содержания |
Изображение |
| Дополнительные сведения об издании |
неподвижное |
| -- |
двухмерное |
| -- |
визуальное |
| Тип средства |
непосредственное |
| 210 ## - ПУБЛИКАЦИЯ, РАСПРОСТРАНЕНИЕ И ДР. |
| Место издания, распространения и т.д. |
[Москва] |
| Имя издателя, распространителя и т. д. |
Лит. "Труд и творч." |
| Дата издания, распространения и т.д. |
[1943] |
| 215 ## - ФИЗИЧЕСКАЯ ХАРАКТЕРИСТИКА |
| Специфическое обозначение материала и объем |
1 л. |
| Другие сведения о физической характеристике |
цв. литогр. |
| Размеры |
9,9х14,9 |
| 300 ## - ОБЩИЕ ПРИМЕЧАНИЯ |
| Текст примечания |
На почтовой карточке также текст: "Смерть немецким захватчикам!", сведения о заказчике: "По заказу Упр. воен. полевой почты" |
| 300 ## - ОБЩИЕ ПРИМЕЧАНИЯ |
| Текст примечания |
Ценз. разрешение: Г-24-43 |
| 300 ## - ОБЩИЕ ПРИМЕЧАНИЯ |
| Текст примечания |
В вып. дан.: З. 258 |
| 309 ## - ПРИМЕЧАНИЯ ОБ ОСНОВНОМ ИСТОЧНИКЕ ИНФОРМАЦИИ И ОБ ОСОБЕННОСТЯХ ПОЛИГРАФИЧЕСКОГО ОФОРМЛЕНИЯ ИЗДАНИЯ |
| Текст примечания |
Односторонняя почтовая карточка |
| 325 ## - ПРИМЕЧАНИЕ О КОПИИ |
| Текст примечания |
Копия доступна в Электрон. б-ке РНБ |
| 327 0# - ПРИМЕЧАНИЯ О СОДЕРЖАНИИ |
| Текст примечания |
Новогодняя елка, украшенная свечами, игрушками, флажками СССР, США и Великобритании |
| 606 1# - НАИМЕНОВАНИЕ ТЕМЫ КАК ПРЕДМЕТ |
| Наименование темы |
Почтовые открытки маркированные художественные |
| Географический подзаголовок |
СССР |
| Хронологический подзаголовок |
1941 - 1945 |
| Системный номер авторитетной/нормативной записи |
2592287 |
| Идентификатор авторитетной/нормативной записи |
RU\NLR\AUTH\661531868 |
| 610 1# - НЕКОНТРОЛИРУЕМЫЕ ПРЕДМЕТНЫЕ ТЕРМИНЫ |
| Предметный термин |
Поздравительные открытки |
| 610 1# - НЕКОНТРОЛИРУЕМЫЕ ПРЕДМЕТНЫЕ ТЕРМИНЫ |
| Предметный термин |
Новогодние открытки |
| 610 1# - НЕКОНТРОЛИРУЕМЫЕ ПРЕДМЕТНЫЕ ТЕРМИНЫ |
| Предметный термин |
Новогодняя елка |
| 610 1# - НЕКОНТРОЛИРУЕМЫЕ ПРЕДМЕТНЫЕ ТЕРМИНЫ |
| Предметный термин |
Односторонние почтовые карточки |
| 686 1# - ИНДЕКСЫ ДРУГИХ КЛАССИФИКАЦИЙ |
| Индекс |
Щ153(2)7-489 |
| 712 02 - НАИМЕНОВАНИЕ ОРГАНИЗАЦИИ - ВТОРИЧНАЯ ОТВЕТСТВЕННОСТЬ |
| Код отношения |
Издатель |
| -- |
Печатник (типограф) |
| Начальный элемент ввода |
"Труд и творчество", типолитография |
| Идентифицирующий признак |
Москва |
| Системный номер авторитетной/нормативной записи |
872461 |
| Идентификатор авторитетной/нормативной записи |
RU\NLR\AUTH\880600610 |
| 712 01 - НАИМЕНОВАНИЕ ОРГАНИЗАЦИИ - ВТОРИЧНАЯ ОТВЕТСТВЕННОСТЬ |
| Код отношения |
Прочие |
| Начальный элемент ввода |
СССР |
| Структурное подразделение |
Главное управление связи Красной Армии |
| -- |
Управление военно-полевой почты |
| Системный номер авторитетной/нормативной записи |
2645524 |
| Идентификатор авторитетной/нормативной записи |
RU\NLR\AUTH\880618205 |
| 830 ## - ОБЩЕЕ ПРИМЕЧАНИЕ, СОСТАВЛЕННОЕ КАТАЛОГИЗАТОРОМ |
| Текст примечания |
"В декабре 1942 г. органы ВПП были выведены из состава НКС СССР и переданы в непосредственное подчинение Наркомату обороны СССР, и в Главном управлении связи РККА было создано Управление военно-полевой почты (УВПП)": https://boevayaslava.ru/blog/kabanov-warpost-philately/?ysclid=m2swrgjfzz154170189 (28.10.2024). АЯ ОЭФ |
| 830 ## - ОБЩЕЕ ПРИМЕЧАНИЕ, СОСТАВЛЕННОЕ КАТАЛОГИЗАТОРОМ |
| Текст примечания |
Летопись изоизданий: Поздравляю с Новым годом! [М., 1944]. 10х15 см. 300.000 экз. 25 к. - Хромолитография. АЯ ОЭФ |
| 830 ## - ОБЩЕЕ ПРИМЕЧАНИЕ, СОСТАВЛЕННОЕ КАТАЛОГИЗАТОРОМ |
| Текст примечания |
Датировка: https://meshok.net/item/298613310_Фронтовая_Открытка_С_НОВЫМ_ГОДОМ_1943_44гг_Союз_СССР_США_Британия_РАРИТЕТ (21.11.2024): открытка с теми же вых. дан., номером заказа, номером ценз. разрешения; рукописная дата: "2/3 февраля 1944", почт. штемпель: "11 2 44". АЯ ОЭФ |
| 852 00 - МЕСТОНАХОЖДЕНИЕ И ШИФР ХРАНЕНИЯ |
| Идентификатор организации |
NLR |
| Наименование фонда или коллекции (Sub-Location Identifier) |
Э |
| Шифр хранения (Call Number) |
О-ПК-3/1944-5 |
| Идентификатор единицы |
Эот100570 |
| 856 #0 - МЕСТОНАХОЖДЕНИЕ ЭЛЕКТРОННЫХ РЕСУРОВ И ДОСТУП К НИМ |
| Универсальный идентификатор ресурса (Uniform Resource Identifier) |
https://vivaldi.nlr.ru/lo500003634/view |
| 856 #1 - МЕСТОНАХОЖДЕНИЕ ЭЛЕКТРОННЫХ РЕСУРОВ И ДОСТУП К НИМ |
| Универсальный идентификатор ресурса (Uniform Resource Identifier) |
https://vivaldi.nlr.ru/lo500003634/cover |
| 856 #2 - МЕСТОНАХОЖДЕНИЕ ЭЛЕКТРОННЫХ РЕСУРОВ И ДОСТУП К НИМ |
| Универсальный идентификатор ресурса (Uniform Resource Identifier) |
https://vivaldi.nlr.ru/lo500003634/text |
| 901 ## - ДАННЫЕ ОБ ОБЪЕКТЕ ОЦИФРОВКИ |
| -- |
Изографические материалы |
| 942 ## - ДОПОЛНИТЕЛЬНЫЕ ЭЛЕМЕНТЫ ЗАПИСИ (АБИС) |
| Тип экземпляра АБИС |
Визуальный материал |
| 945 ## - Информацию об издании предоставили: |
| Полное название организации, предоставившей материал |
Российская национальная библиотека |
| 980 ## - КОЛЛЕКЦИЯ |
| Название коллекции |
Библиография Победы |
| 980 ## - КОЛЛЕКЦИЯ |
| Название коллекции |
Национальная библиография |
| 981 17 - КОЛЛЕКЦИЯ ЭЛЕКТРОННОЙ БИБЛИОТЕКИ |
| Название коллекции |
Изографические материалы |
| Название подколлекции |
Открытки |